Представление документа в формате RUSMARC

ПолеНазваниеЗначение
  Тип записи a
  Библиографический уровень a
001 Контрольный номер RU/CBS_UL/BASE/5a4d2916008644abb3c7e6d76397673a
005 Дата корректировки 20260318000444.0
100 Данные общей обработки __
a Данные общей обработки 20260318 ||| 0rusy0189 ca
101 Язык документа 0_
a Язык текста rus
102 Страна публикации __
a Страна публикации RU
200 Заглавие и сведения об ответственности 1_
a Заглавие Мастер и Тася-Маргарита
e Сведения, относящиеся к заглавию [любимые женщины М.А. Булгакова]
f Первые сведения об ответственности В. Недошивин
300 Общие примечания __
a Общие примечания 16+
461 Уровень набора _0
1 2000
a Родина
463 Уровень физической единицы _0
1 2000
a № 5
v С. 56-62 : фот.
1 2101
d 2021
1 001RU/CBS_UL/BASE/695229592
600 Персоналии _1
a Персоналии (Фамилия) Булгаков
b Персоналии (Имя, инициалы) М.А.
600 Персоналии _1
a Персоналии (Фамилия) Лаппа
b Персоналии (Имя, инициалы) Т.Н.
606 Тематические рубрики 0_
a Основная рубрика Булгаков, Михаил Афанасьевич (1891-1940)
610 Ключевые слова 0_
a Ключевые слова писатели, писатели русские, личная жизнь писателей, жёны писателей, гендерная история, прообразы, повседневная жизнь
686 Индексы других классификаций __
2 Код системы rubbk
a Классификационный индекс 83.3(2Рос=Рус)6
700 Автор _1
a Фамилия Недошивин
b Имя (инициалы) В.
801 Источник записи _0
a Страна RU
b Организация МБУК ЦБС г. Ульяновска
c Дата составления 20260318
g Правила каталогизации RCR
801 Источник записи _1
a Страна RU
b Организация МБУК ЦБС г. Ульяновска
c Дата составления 20260318
g Правила каталогизации RCR
901 Тип документа __
t Тип документа b
w Контрольный № источника RU/CBS_UL/BASE/695229592
909 Создатель записи __
a Создатель записи lib1